Falsch gefärbte Flaggen - Statistiken

Allgemein
  • Dieses Quiz wurde 46 mal gespielt
  • Das Durchschnittsergebnis liegt bei 17 aus 20
Antwortstatistiken
Bildquiz Antwort % Korrekt
Brasilien
98%
Kosovo
98%
Südafrika
98%
Vereinigte Staaten
98%
Bosnien und Herzegowina
95%
Slowakei
95%
Algerien
91%
Irak
88%
Papua Neuguinea
88%
Mongolei
86%
Äthiopien
84%
Indien
81%
Marokko
81%
Zentralafrikanische Republik
79%
Grenada
74%
Namibia
72%
Tuvalu
72%
Burundi
67%
Chile
60%
Eritrea
60%
Keine übereinstimmenden Quizze gefunden
Verteilung der Resultate
Anzahl Personen mit jedem Resultat
Perzentil nach korrekt beantworteten Fragen
Ihre Resultats-Entwicklung
Sie haben dieses Quiz noch nicht gespielt